[Event "vl-2324 MVP"]
[Site "MVP"]
[Date "2024.01.14"]
[Round "5.2"]
[White "Stopsack, Malte"]
[Black "Montag, Ralf"]
[Result "1-0"]
[WhiteElo "2173"]
[BlackElo "2050"]
[PlyCount "79"]
[EventDate "2023.??.??"]
[EventType "team-tourn"]
[EventRounds "9"]
[EventCountry "GER"]
[WhiteTeam "Greifswalder SV"]
[BlackTeam "VT Ludwigslust"]
[WhiteTeamCountry "GER"]
[BlackTeamCountry "GER"]

1. e4 c5 2. Nc3 Nc6 3. Bb5 Nd4 4. Nf3 g6 5. Nxd4 cxd4 6. Ne2 Bg7 7. O-O Nf6 8. d3 Qb6 9. Bc4 O-O 10. c3 e5 11. cxd4 exd4 12. b4 Qxb4 13. Bd2 Qc5 14. Rb1 d6 15. Bb4 Qc7 16. Nxd4 a6 17. Nf3 b5 18. Bb3 a5 19. Rc1 Qb6 20. Bc3 Bg4 21. h3 Bxf3 22. Qxf3 Nd7 23. Bd5 Ra7 24. Bxg7 Kxg7 25. Rc6 Qb8 26. Qe3 Ne5 27. Rb6 Qe8 28. Rxd6 Rc7 29. f4 Nd7 30. Qd4+ f6 31. Bc6 Rf7 32. Bxb5 Qc8 33. Bc4 Re7 34. e5 fxe5 35. fxe5 Nxe5 36. Re1 Rc5 37. Rd8 Qf5 38. Rg8+ Kh6 39. Qh4+ Qh5 40. Qxe7 1-0

[Event "vl-2324 MVP"]
[Site "MVP"]
[Date "2024.01.14"]
[Round "5.3"]
[White "Hasselmann, Dieter"]
[Black "Kalhorn, Stefan"]
[Result "1/2-1/2"]
[WhiteElo "2116"]
[BlackElo "2090"]
[PlyCount "38"]
[EventDate "2023.??.??"]
[EventType "team-tourn"]
[EventRounds "9"]
[EventCountry "GER"]
[WhiteTeam "VT Ludwigslust"]
[BlackTeam "Greifswalder SV"]
[WhiteTeamCountry "GER"]
[BlackTeamCountry "GER"]

1. e4 c6 2. d4 d5 3. exd5 cxd5 4. Bd3 Nc6 5. c3 Nf6 6. Bf4 Bg4 7. Qb3 Qd7 8. h3 Bh5 9. Nd2 e6 10. Ngf3 Bd6 11. Bxd6 Qxd6 12. O-O O-O 13. Rfe1 Bxf3 14. Nxf3 Qc7 15. Qc2 Rfc8 16. Qe2 Rab8 17. a4 Na5 18. Ne5 Nc4 19. f4 Nd6 1/2-1/2

[Event "vl-2324 MVP"]
[Site "MVP"]
[Date "2024.01.14"]
[Round "5.5"]
[White "Krueger, Horst"]
[Black "Patzenhauer, Max"]
[Result "0-1"]
[WhiteElo "1996"]
[BlackElo "1949"]
[PlyCount "66"]
[EventDate "2023.??.??"]
[EventType "team-tourn"]
[EventRounds "9"]
[EventCountry "GER"]
[WhiteTeam "VT Ludwigslust"]
[BlackTeam "Greifswalder SV"]
[WhiteTeamCountry "GER"]
[BlackTeamCountry "GER"]

1. d4 Nf6 2. c4 g6 3. Nc3 Bg7 4. e4 d6 5. Nf3 O-O 6. Be2 Nc6 7. O-O e5 8. d5 Ne7 9. Ne1 Ne8 10. Nd3 f5 11. f3 f4 12. b4 g5 13. Rb1 Nf6 14. c5 h5 15. Nf2 Rf7 16. Ba3 Bf8 17. b5 Rg7 18. h3 Kh8 19. Rb3 Neg8 20. cxd6 cxd6 21. Bb4 Nh6 22. Qd3 g4 23. fxg4 hxg4 24. hxg4 Nfxg4 25. Bxg4 Nxg4 26. Nxg4 Bxg4 27. Na4 Qh4 28. Be1 Qh5 29. Nb2 Be7 30. Rf3 Rh7 31. Rh3 Bxh3 32. gxh3 Rg8+ 33. Kf1 f3 0-1

[Event "vl-2324 MVP"]
[Site "MVP"]
[Date "2024.01.14"]
[Round "5.6"]
[White "Mildner, Jens"]
[Black "Hilpert, Andreas"]
[Result "1-0"]
[WhiteElo "2107"]
[BlackElo "1879"]
[PlyCount "79"]
[EventDate "2023.??.??"]
[EventType "team-tourn"]
[EventRounds "9"]
[EventCountry "GER"]
[WhiteTeam "Greifswalder SV"]
[BlackTeam "VT Ludwigslust"]
[WhiteTeamCountry "GER"]
[BlackTeamCountry "GER"]

1. d4 d5 2. c4 e6 3. Nc3 c6 4. cxd5 exd5 5. Nf3 Nf6 6. Bg5 Be7 7. Qc2 h6 8. Bh4 Bg4 9. e3 Nbd7 10. Bd3 Rc8 11. O-O g5 12. Bg3 Bxf3 13. gxf3 h5 14. Bf5 h4 15. Be5 Nxe5 16. dxe5 Nh5 17. e6 Rc7 18. Bg6 Bd6 19. Bxf7+ Kf8 20. Qf5 Qf6 21. Qxf6 Nxf6 22. Rfd1 Be5 23. Rd2 Ke7 24. Rad1 b5 25. Ne2 c5 26. Nc3 Bxc3 27. bxc3 b4 28. cxb4 cxb4 29. Rd4 Rc4 30. e4 Rxd4 31. Rxd4 Rc8 32. e5 Nh7 33. Rxb4 Rc7 34. Rb8 Nf6 35. Kg2 d4 36. exf6+ Kxf6 37. Rd8 Ke5 38. Rd7 Rc3 39. e7 h3+ 40. Kg3 1-0

[Event "vl-2324 MVP"]
[Site "MVP"]
[Date "2024.01.14"]
[Round "5.7"]
[White "Wiemer, Juergen"]
[Black "Woll, Wilfried"]
[Result "0-1"]
[WhiteElo "1978"]
[BlackElo "2023"]
[PlyCount "101"]
[EventDate "2023.??.??"]
[EventType "team-tourn"]
[EventRounds "9"]
[EventCountry "GER"]
[WhiteTeam "VT Ludwigslust"]
[BlackTeam "Greifswalder SV"]
[WhiteTeamCountry "GER"]
[BlackTeamCountry "GER"]

1. e4 e6 2. d4 d5 3. e5 c5 4. c3 Bd7 5. Nf3 Nc6 6. a3 c4 7. b4 cxb3 8. Qxb3 Na5 9. Qb2 Ne7 10. Bg5 Qc7 11. Nbd2 Nc8 12. Bb5 h6 13. Be3 Nb6 14. O-O Na4 15. Bxa4 Bxa4 16. Rfc1 Be7 17. Ne1 O-O 18. f4 Rfc8 19. Nd3 b6 20. Qa2 Qd7 21. Nb2 Bb5 22. a4 Ba6 23. Nb3 Nc4 24. Nxc4 dxc4 25. Nd2 Qd5 26. Qc2 Bb7 27. Nf3 a6 28. f5 exf5 29. Qxf5 Rc6 30. Rf1 Rg6 31. Ra2 Bc8 32. Qb1 Bd7 33. Bf4 Rc8 34. Bg3 b5 35. axb5 axb5 36. Bh4 Bf8 37. Ra7 Rb6 38. Qc1 b4 39. cxb4 Rxb4 40. Qf4 c3 41. Raa1 Rb2 42. Rac1 Re2 43. Rfe1 Rb2 44. Bf2 Be7 45. Qe3 Qb3 46. Re2 Ba3 47. Ra1 Rxe2 48. Qxe2 c2 49. Be3 c1=Q+ 50. Bxc1 Rxc1+ 51. Rxc1 0-1

[Event "vl-2324 MVP"]
[Site "MVP"]
[Date "2024.01.14"]
[Round "5.8"]
[White "Johlke, Lorenz"]
[Black "Altenburg, Reiner"]
[Result "1/2-1/2"]
[WhiteElo "1644"]
[BlackElo "1940"]
[PlyCount "95"]
[EventDate "2023.??.??"]
[EventType "team-tourn"]
[EventRounds "9"]
[EventCountry "GER"]
[WhiteTeam "Greifswalder SV"]
[BlackTeam "VT Ludwigslust"]
[WhiteTeamCountry "GER"]
[BlackTeamCountry "GER"]

1. d4 d5 2. Bf4 Nf6 3. e3 e6 4. c3 Bd6 5. Bg3 Bxg3 6. hxg3 Nbd7 7. Nf3 Qe7 8. Ne5 Ne4 9. Nd2 Nxd2 10. Kxd2 Nxe5 11. dxe5 Bd7 12. Bd3 h6 13. Qg4 g6 14. Rad1 O-O-O 15. Kc1 c5 16. Qe2 Bc6 17. f4 Ba4 18. Bc2 Bxc2 19. Qxc2 Kb8 20. e4 d4 21. cxd4 cxd4 22. Kb1 Qb4 23. Rd3 Rd7 24. Qd2 Qb6 25. g4 a6 26. g5 h5 27. g4 h4 28. Rd1 h3 29. Rh1 Qc6 30. Qe2 h2 31. Rxh2 Rxh2 32. Qxh2 Qxe4 33. Qd2 Qh1+ 34. Kc2 Qc6+ 35. Kb1 Qh1+ 36. Qd1 Qxd1+ 37. Rxd1 d3 38. Kc1 Rd4 39. Rf1 d2+ 40. Kd1 Rd5 41. Ke2 Kc7 42. Rd1 Kc6 43. Rxd2 Rxd2+ 44. Kxd2 Kd5 45. Kd3 b6 46. b4 a5 47. bxa5 bxa5 48. a4 1/2-1/2

[Event "vl-2324 MVP"]
[Site "MVP"]
[Date "2024.02.25"]
[Round "6.1"]
[White "Illgen, Alexander"]
[Black "Stutz, Reno"]
[Result "0-1"]
[WhiteElo "2009"]
[BlackElo "2039"]
[PlyCount "64"]
[EventDate "2023.??.??"]
[EventType "team-tourn"]
[EventRounds "9"]
[EventCountry "GER"]
[WhiteTeam "VT Ludwigslust"]
[BlackTeam "GW Wismar"]
[WhiteTeamCountry "GER"]
[BlackTeamCountry "GER"]

1. d4 d5 2. c4 e5 3. dxe5 d4 4. Nf3 Nc6 5. Bg5 Nge7 6. Nbd2 h6 7. Bxe7 Bxe7 8. a3 Bg4 9. h3 Bxf3 10. Nxf3 Qd7 11. g3 O-O-O 12. Bg2 g5 13. Qb3 Na5 14. Qd3 Qe6 15. Nxd4 Qxe5 16. Qf5+ Qxf5 17. Nxf5 Bf6 18. Bd5 Bxb2 19. Rb1 Bxa3 20. Bxf7 Rhf8 21. Be6+ Kb8 22. Ne3 Bc5 23. Nd1 Rd6 24. Bg4 Nxc4 25. e3 a5 26. Be2 Ne5 27. f4 Nd3+ 28. Bxd3 Rxd3 29. Ke2 Rfd8 30. h4 g4 31. h5 Rd2+ 32. Ke1 Bb4 0-1

[Event "vl-2324 MVP"]
[Site "MVP"]
[Date "2024.02.25"]
[Round "6.2"]
[White "Kliewe, Hans-Juergen"]
[Black "Montag, Ralf"]
[Result "0-1"]
[WhiteElo "2130"]
[BlackElo "2050"]
[PlyCount "76"]
[EventDate "2023.??.??"]
[EventType "team-tourn"]
[EventRounds "9"]
[EventCountry "GER"]
[WhiteTeam "GW Wismar"]
[BlackTeam "VT Ludwigslust"]
[WhiteTeamCountry "GER"]
[BlackTeamCountry "GER"]

1. d4 Nf6 2. Nf3 g6 3. Bf4 Bg7 4. e3 O-O 5. Be2 d6 6. h3 Nfd7 7. c3 b6 8. Nbd2 Ba6 9. Bxa6 Nxa6 10. O-O c5 11. Bh2 Nc7 12. Qb3 b5 13. Rad1 c4 14. Qc2 Nb6 15. e4 e6 16. Ne1 e5 17. dxe5 dxe5 18. Nxc4 Qe7 19. Nxb6 axb6 20. a3 Ne6 21. Nd3 Nc5 22. Nb4 Qh4 23. f3 f5 24. exf5 gxf5 25. Qf2 Qh6 26. Qd2 f4 27. Qd6 Ne6 28. Qxb6 Kh8 29. Rfe1 Rf6 30. Rd6 Rg6 31. Kf1 Rg8 32. Re2 Rf8 33. Rc6 Rxg2 34. Rxg2 Qxh3 35. Qf2 e4 36. Kg1 Ng5 37. Bxf4 Nxf3+ 38. Qxf3 exf3 0-1

[Event "vl-2324 MVP"]
[Site "MVP"]
[Date "2024.02.25"]
[Round "6.3"]
[White "Hasselmann, Dieter"]
[Black "Borchert, Chris"]
[Result "0-1"]
[WhiteElo "2116"]
[BlackElo "2143"]
[PlyCount "73"]
[EventDate "2023.??.??"]
[EventType "team-tourn"]
[EventRounds "9"]
[EventCountry "GER"]
[WhiteTeam "VT Ludwigslust"]
[BlackTeam "GW Wismar"]
[WhiteTeamCountry "GER"]
[BlackTeamCountry "GER"]

1. e4 d5 2. exd5 Nf6 3. Nc3 Nxd5 4. Bc4 Nb6 5. Bb3 Nc6 6. Qf3 e6 7. Qg3 a5 8. a4 Nd4 9. Nb5 Nxb5 10. axb5 a4 11. Ba2 Bd7 12. c4 h5 13. d4 Bb4+ 14. Kf1 Qf6 15. Nf3 Bd6 16. Ne5 h4 17. Qc3 h3 18. gxh3 Bxe5 19. dxe5 Qf5 20. Kg2 Qe4+ 21. Kg1 O-O-O 22. b3 Bc6 23. f3 Qxf3 24. Qxf3 Bxf3 25. Be3 Bxh1 26. Kxh1 Rxh3 27. Bg5 f6 28. exf6 gxf6 29. Kg2 Rhd3 30. Bxf6 Rg8+ 31. Kf2 Rd2+ 32. Ke3 Rxh2 33. bxa4 Rg3+ 34. Kf4 Ra3 35. c5 Raxa2 36. cxb6 Rxa1 37. Bxa1 0-1

[Event "vl-2324 MVP"]
[Site "MVP"]
[Date "2024.02.25"]
[Round "6.4"]
[White "Lanz, Joerg"]
[Black "Koch, Max"]
[Result "1-0"]
[WhiteElo "2055"]
[BlackElo "1930"]
[PlyCount "95"]
[EventDate "2023.??.??"]
[EventType "team-tourn"]
[EventRounds "9"]
[EventCountry "GER"]
[WhiteTeam "GW Wismar"]
[BlackTeam "VT Ludwigslust"]
[WhiteTeamCountry "GER"]
[BlackTeamCountry "GER"]

1. Nf3 f5 2. g3 Nf6 3. Bg2 d6 4. d4 e6 5. O-O Be7 6. c4 O-O 7. Nc3 Qe8 8. Re1 Qg6 9. Qc2 Ne4 10. Nd2 Nxd2 11. Bxd2 e5 12. Nd5 Bd8 13. dxe5 dxe5 14. e4 f4 15. Bb4 Rf7 16. Rad1 Nc6 17. Bc3 fxg3 18. hxg3 Bg4 19. Rd3 Bg5 20. f3 Be6 21. b4 Raf8 22. b5 Nd4 23. Bxd4 exd4 24. f4 c6 25. f5 Bxf5 26. exf5 Qxf5 27. bxc6 bxc6 28. Nf4 Bxf4 29. gxf4 Qxf4 30. Rf3 Qh4 31. Re4 Qd8 32. Rxf7 Rxf7 33. Qd3 c5 34. Re5 Rc7 35. Bd5+ Kh8 36. Qe4 Rc8 37. Bc6 Qf8 38. Bd5 h6 39. Re7 Rb8 40. Rf7 Qd8 41. Rf5 Qd6 42. Re5 Rb1+ 43. Kg2 Rb2+ 44. Kh3 Qd7+ 45. Kg3 Qd6 46. Kf3 Qf6+ 47. Rf5 Qg6 48. Rf8+ 1-0

[Event "vl-2324 MVP"]
[Site "MVP"]
[Date "2024.02.25"]
[Round "6.5"]
[White "Krueger, Horst"]
[Black "Littke, Helmut"]
[Result "0-1"]
[WhiteElo "1972"]
[BlackElo "2054"]
[PlyCount "116"]
[EventDate "2023.??.??"]
[EventType "team-tourn"]
[EventRounds "9"]
[EventCountry "GER"]
[WhiteTeam "VT Ludwigslust"]
[BlackTeam "GW Wismar"]
[WhiteTeamCountry "GER"]
[BlackTeamCountry "GER"]

1. d4 Nf6 2. Nf3 d5 3. c4 e6 4. Nc3 Nbd7 5. e3 Be7 6. Qb3 c6 7. Be2 O-O 8. O-O Qb6 9. Qc2 c5 10. Na4 Qc7 11. cxd5 Nxd5 12. dxc5 Nxc5 13. Nxc5 Qxc5 14. Qxc5 Bxc5 15. a3 a5 16. Bd2 b6 17. Ne5 f6 18. Nd3 Bd6 19. e4 Ne7 20. Be3 Bb7 21. f3 Bc7 22. Nf4 Kf7 23. Rfd1 Rad8 24. g3 g5 25. Nd3 Ng6 26. Rac1 Rc8 27. Kf2 Ke7 28. Rxc7+ Rxc7 29. Bxb6 Rc2 30. Bc5+ Ke8 31. Bxf8 Nxf8 32. Ke3 Ba6 33. Rd2 Rc7 34. f4 gxf4+ 35. gxf4 Nd7 36. Bh5+ Ke7 37. Rg2 Kd6 38. Rd2 Ke7 39. Bf3 Nb6 40. Rd1 Rc2 41. e5 Nc4+ 42. Kd4 Rxh2 43. Nc5 fxe5+ 44. fxe5 Bb5 45. a4 Rh4+ 46. Be4 Bc6 47. b3 Nb6 48. Rg1 Bxe4 49. Nxe4 Nd7 50. Rg7+ Kd8 51. Rg8+ Kc7 52. Re8 h5 53. Rxe6 Rxe4+ 54. Kd5 h4 55. Rc6+ Kb7 56. e6 Nf6+ 57. Kc5 Re5+ 58. Kd6 Rxe6+ 0-1

[Event "vl-2324 MVP"]
[Site "MVP"]
[Date "2024.02.25"]
[Round "6.6"]
[White "Roeder, Phillip"]
[Black "Hilpert, Andreas"]
[Result "1-0"]
[WhiteElo "1999"]
[BlackElo "1876"]
[PlyCount "53"]
[EventDate "2023.??.??"]
[EventType "team-tourn"]
[EventRounds "9"]
[EventCountry "GER"]
[WhiteTeam "GW Wismar"]
[BlackTeam "VT Ludwigslust"]
[WhiteTeamCountry "GER"]
[BlackTeamCountry "GER"]

1. Nc3 d5 2. e4 dxe4 3. Nxe4 Nf6 4. Nxf6+ gxf6 5. d4 e5 6. Be3 c6 7. Bc4 h5 8. c3 b5 9. Be2 e4 10. Bxh5 Bd6 11. d5 c5 12. Be2 Bd7 13. g3 f5 14. Qb3 a6 15. a4 Qa5 16. Ra2 b4 17. Qc4 Ra7 18. cxb4 Qd8 19. bxc5 Rc7 20. Qd4 O-O 21. cxd6 Rc2 22. Bd1 Qc8 23. Bh6 f6 24. Bxf8 Qxf8 25. Bxc2 Qxd6 26. Ra3 Nc6 27. Qb6 1-0

[Event "vl-2324 MVP"]
[Site "MVP"]
[Date "2024.02.25"]
[Round "6.7"]
[White "Wiemer, Juergen"]
[Black "Junggebauer, Thomas"]
[Result "0-1"]
[WhiteElo "1978"]
[BlackElo "1971"]
[PlyCount "76"]
[EventDate "2023.??.??"]
[EventType "team-tourn"]
[EventRounds "9"]
[EventCountry "GER"]
[WhiteTeam "VT Ludwigslust"]
[BlackTeam "GW Wismar"]
[WhiteTeamCountry "GER"]
[BlackTeamCountry "GER"]

1. e4 c5 2. Nc3 Nc6 3. g3 g6 4. Bg2 Bg7 5. d3 d6 6. Be3 Nf6 7. h3 Bd7 8. Qd2 Rb8 9. Bh6 O-O 10. Bxg7 Kxg7 11. Nge2 b5 12. g4 b4 13. Nd1 e6 14. Ne3 Nd4 15. Ng3 e5 16. g5 Ne8 17. Nd5 Bc6 18. c3 bxc3 19. bxc3 Ne6 20. h4 Bxd5 21. exd5 Nf4 22. Bf3 Qa5 23. O-O Nc7 24. Ne4 Rfd8 25. Rab1 Rb6 26. Nf6 Rdb8 27. Qc2 Qa3 28. Rxb6 Rxb6 29. Rb1 Rxb1+ 30. Qxb1 Qxc3 31. Kh2 Qb4 32. Qc2 Nxd3 33. Qxd3 Qxh4+ 34. Kg2 Qxg5+ 35. Ng4 h5 36. Qb3 hxg4 37. Be2 Qd2 38. Bc4 Qb4 0-1

[Event "vl-2324 MVP"]
[Site "MVP"]
[Date "2024.02.25"]
[Round "6.8"]
[White "Podolskiy, Alexander"]
[Black "Altenburg, Reiner"]
[Result "1/2-1/2"]
[WhiteElo "1970"]
[BlackElo "1940"]
[PlyCount "26"]
[EventDate "2023.??.??"]
[EventType "team-tourn"]
[EventRounds "9"]
[EventCountry "GER"]
[WhiteTeam "GW Wismar"]
[BlackTeam "VT Ludwigslust"]
[WhiteTeamCountry "GER"]
[BlackTeamCountry "GER"]

1. e4 c5 2. Nf3 Nc6 3. d4 cxd4 4. Nxd4 e5 5. Nb3 Nf6 6. Nc3 Bb4 7. Bc4 h6 8. O-O O-O 9. f3 Qb6+ 10. Kh1 Bxc3 11. bxc3 Na5 12. Be2 Rd8 13. Qd3 d5 1/2-1/2

[Event "vl-2324 MVP"]
[Site "MVP"]
[Date "2024.02.25"]
[Round "6.2"]
[White "Pawlicz, Filip"]
[Black "Stopsack, Malte"]
[Result "0-1"]
[WhiteElo "1643"]
[BlackElo "2163"]
[PlyCount "84"]
[EventDate "2023.??.??"]
[EventType "team-tourn"]
[EventRounds "9"]
[EventCountry "GER"]
[WhiteTeam "SAV Torgelow II"]
[BlackTeam "Greifswalder SV"]
[WhiteTeamCountry "GER"]
[BlackTeamCountry "GER"]

1. e4 g6 2. d4 Bg7 3. c4 d6 4. Nc3 Nf6 5. g3 O-O 6. Bg2 e5 7. d5 a5 8. Nge2 Na6 9. a3 Nc5 10. O-O Nfd7 11. Rb1 a4 12. Be3 f5 13. f4 fxe4 14. Nxe4 Nxe4 15. Bxe4 Nc5 16. Bxc5 dxc5 17. Qc2 Bh3 18. Rf2 Qd6 19. f5 Qf6 20. g4 Bxg4 21. Ng3 Bh6 22. Re1 Kg7 23. Rg2 Bf4 24. Rf1 Qh4 25. fxg6 hxg6 26. Bxg6 Be3+ 27. Kh1 Rxf1+ 28. Nxf1 Bf3 29. Be4+ Bxg2+ 30. Qxg2+ Bg5 31. Ng3 Kh8 32. Qf3 Bf4 33. Kg2 Rg8 34. Bc2 Qg4 35. Qd3 Rg7 36. Bxa4 Bxg3 37. hxg3 Rh7 38. Bc2 Qh3+ 39. Kf2 Rf7+ 40. Kg1 Rg7 41. Kf2 Qh2+ 42. Kf1 Rxg3 0-1

[Event "vl-2324 MVP"]
[Site "MVP"]
[Date "2024.02.25"]
[Round "6.5"]
[White "Lange, Jannis"]
[Black "Massloch, Philipp"]
[Result "1/2-1/2"]
[WhiteElo "2085"]
[BlackElo "1805"]
[PlyCount "111"]
[EventDate "2023.??.??"]
[EventType "team-tourn"]
[EventRounds "9"]
[EventCountry "GER"]
[WhiteTeam "Greifswalder SV"]
[BlackTeam "SAV Torgelow II"]
[WhiteTeamCountry "GER"]
[BlackTeamCountry "GER"]

1. Nf3 Nf6 2. g3 g6 3. Bg2 Bg7 4. O-O O-O 5. d4 d5 6. c4 c6 7. Nc3 Bf5 8. cxd5 cxd5 9. Qb3 Bc8 10. Bf4 a6 11. Ne5 e6 12. Rac1 Nc6 13. Nxc6 bxc6 14. Be5 Bh6 15. Bxf6 Qxf6 16. e3 e5 17. dxe5 Qxe5 18. Na4 Rb8 19. Qd3 Bf5 20. Qxa6 Ra8 21. Qxc6 Rfc8 22. Qb5 Rcb8 23. Nb6 Rxa2 24. Bxd5 Be6 25. Rc8+ Rxc8 26. Nxc8 Bxd5 27. Qxd5 Qxd5 28. Ne7+ Kg7 29. Nxd5 Rxb2 30. Ra1 Rd2 31. Ra5 Bg5 32. Kg2 Bd8 33. Rb5 h5 34. h4 g5 35. Nc3 gxh4 36. gxh4 Bxh4 37. Ne4 Rc2 38. Rxh5 Bd8 39. Kf3 Kg6 {(=)} 40. Rh8 Be7 41. Rg8+ Kh7 42. Rg1 Kh6 43. Kf4 Rc4 44. Kf5 Ra4 45. Nc3 Ra5+ 46. Ke4 Rg5 47. Rh1+ Kg6 48. f4 Rg3 49. Nd5 Bc5 50. f5+ Kg5 51. Rh8 Bd6 52. Rd8 Rg4+ 53. Kf3 Rg3+ 54. Kf2 Be5 55. Rg8+ Kxf5 56. Rxg3 1/2-1/2

[Event "vl-2324 MVP"]
[Site "MVP"]
[Date "2024.02.25"]
[Round "6.6"]
[White "Schmidt, Paul"]
[Black "Patzenhauer, Max"]
[Result "1/2-1/2"]
[WhiteElo "1856"]
[BlackElo "1949"]
[PlyCount "67"]
[EventDate "2023.??.??"]
[EventType "team-tourn"]
[EventRounds "9"]
[EventCountry "GER"]
[WhiteTeam "SAV Torgelow II"]
[BlackTeam "Greifswalder SV"]
[WhiteTeamCountry "GER"]
[BlackTeamCountry "GER"]

1. e4 e6 2. d4 d5 3. Nc3 Nf6 4. e5 Nfd7 5. f4 c5 6. Nf3 Nc6 7. Be3 Be7 8. Be2 cxd4 9. Nxd4 O-O 10. O-O Nxd4 11. Bxd4 f6 12. exf6 Nxf6 13. Qd3 Bd7 14. Rae1 a6 15. Qg3 Rc8 16. f5 exf5 17. Nxd5 Bc5 18. Bxc5 Rxc5 19. Ne7+ Kh8 20. Bd3 Ne4 21. Bxe4 Be6 22. Nxf5 Bxf5 23. Bxf5 Rcxf5 24. Rxf5 Rxf5 25. Qd3 Qb6+ 26. Qe3 Qxe3+ 27. Rxe3 Kg8 28. Rf3 Rd5 29. g4 h5 30. gxh5 Rxh5 31. Kg2 Rd5 32. c4 Rd7 33. b4 Rd4 34. a3 1/2-1/2

[Event "vl-2324 MVP"]
[Site "MVP"]
[Date "2024.02.25"]
[Round "6.7"]
[White "Woll, Wilfried"]
[Black "Troemer, Felix"]
[Result "1-0"]
[WhiteElo "2014"]
[BlackElo "1753"]
[PlyCount "77"]
[EventDate "2023.??.??"]
[EventType "team-tourn"]
[EventRounds "9"]
[EventCountry "GER"]
[WhiteTeam "Greifswalder SV"]
[BlackTeam "SAV Torgelow II"]
[WhiteTeamCountry "GER"]
[BlackTeamCountry "GER"]

1. c4 Nf6 2. g3 g6 3. Bg2 Bg7 4. Nc3 c5 5. d3 Nc6 6. a3 e6 7. e4 d6 8. Rb1 Nd7 9. Nge2 Rb8 10. b4 b6 11. h4 h5 12. Bg5 Nf6 13. f4 Qd7 14. b5 Na5 15. Bxf6 Bxf6 16. Qd2 Bb7 17. O-O O-O 18. f5 Kg7 19. Bh3 Rbd8 20. Nf4 Bd4+ 21. Kh2 Rde8 22. Nxh5+ Kh7 23. fxg6+ fxg6 24. Nf4 Bc8 25. Nxe6 Rxf1 26. Ng5+ Kg7 27. Rxf1 Qd8 28. Qf4 Rf8 29. Qxf8+ Qxf8 30. Rxf8 Kxf8 31. Nd5 Bxh3 32. Kxh3 Nb3 33. Kg4 Be5 34. Ne6+ Kf7 35. Nef4 Nd2 36. Kh3 Nb1 37. a4 Nd2 38. Kg2 Bd4 39. Ne2 1-0

[Event "vl-2324 MVP"]
[Site "MVP"]
[Date "2024.02.25"]
[Round "6.8"]
[White "Schmekel, Matthias"]
[Black "Johlke, Lorenz"]
[Result "1-0"]
[WhiteElo "1938"]
[BlackElo "1676"]
[PlyCount "121"]
[EventDate "2023.??.??"]
[EventType "team-tourn"]
[EventRounds "9"]
[EventCountry "GER"]
[WhiteTeam "SAV Torgelow II"]
[BlackTeam "Greifswalder SV"]
[WhiteTeamCountry "GER"]
[BlackTeamCountry "GER"]

1. e4 c6 2. d3 d5 3. Nd2 dxe4 4. dxe4 g6 5. g3 Bg7 6. Bg2 Nf6 7. Ngf3 Bg4 8. O-O O-O 9. Re1 Qc7 10. c3 Nbd7 11. Qc2 e5 12. h3 Bxf3 13. Nxf3 b5 14. Be3 Nb6 15. b3 Rfd8 16. Rad1 Ne8 17. Bg5 Rxd1 18. Rxd1 h6 19. Be3 Rd8 20. Rxd8 Qxd8 21. Qc1 Kh7 22. Nh2 Qe7 23. Ng4 h5 24. Nh2 Nc7 25. Qd2 c5 26. g4 hxg4 27. hxg4 Ne6 28. Nf3 Qc7 29. Ng5+ Nxg5 30. Bxg5 f6 31. Be3 Bf8 32. g5 fxg5 33. Bxg5 Be7 34. Be3 a5 35. f4 exf4 36. Bxf4 Qd7 37. Qe2 a4 38. Bd2 axb3 39. axb3 Nc8 40. Qe3 Bf8 41. Bh3 Qc6 42. Bg2 Qe6 {(=)} 43. Bh3 Qc6 44. Bg4 Ne7 45. Qf3 Kg8 46. Kf2 c4 47. b4 Bg7 48. Bg5 Qd6 49. Bf4 Qf6 50. e5 Qh4+ 51. Bg3 Qg5 52. Be6+ Kh7 53. Bf4 Qh4+ 54. Bg3 Qg5 55. Qe3 Qh5 56. Qf4 g5 57. Qe4+ Qg6 58. Ke3 Qxe4+ 59. Kxe4 Kg6 60. Bd7 g4 61. Bxg4 1-0

[Event "vl-2324 MVP"]
[Site "MVP"]
[Date "2024.02.25"]
[Round "6.1"]
[White "Kallweit, Paul"]
[Black "Westphal, Wolfgang"]
[Result "1/2-1/2"]
[WhiteElo "1948"]
[BlackElo "2172"]
[PlyCount "93"]
[EventDate "2023.??.??"]
[EventType "team-tourn"]
[EventRounds "9"]
[EventCountry "GER"]
[WhiteTeam "SSC Rostock"]
[BlackTeam "SSC Graal-Mueritz"]
[WhiteTeamCountry "GER"]
[BlackTeamCountry "GER"]

1. c4 b6 2. d4 Bb7 3. Nc3 e6 4. e4 Bb4 5. Qc2 Bxc3+ 6. bxc3 Nf6 7. Bd3 d6 8. Ne2 Nbd7 9. O-O c5 {(=)} 10. f4 Qc7 11. Ng3 h5 12. e5 h4 13. exf6 hxg3 14. fxg7 gxh2+ 15. Kh1 Rg8 16. f5 Rxg7 17. Be4 O-O-O 18. fxe6 fxe6 19. d5 exd5 20. cxd5 c4 21. Bh6 Rgg8 22. Rf7 Qc5 23. Qd2 Ne5 24. Be3 Qa5 25. Rf4 Kb8 26. Rd1 Bc8 27. Bd4 Rde8 28. Bxe5 Rxe5 29. Bf3 Qc5 30. Qd4 Qxd4 31. Rfxd4 Ba6 32. Re4 Rxe4 33. Bxe4 Re8 34. Rd4 b5 35. a3 Bc8 36. Kxh2 Kc7 37. Kg3 Kb6 38. Kf4 Kc5 39. Bf3 a5 40. Re4 Rf8+ 41. Ke3 Bb7 42. Re7 Bxd5 43. Bxd5 Kxd5 44. Ra7 Kc5 45. g4 Rh8 46. g5 Rh3+ 47. Kf2 1/2-1/2

[Event "vl-2324 MVP"]
[Site "MVP"]
[Date "2024.02.25"]
[Round "6.2"]
[White "Roehl, Rainer"]
[Black "Mangold, Thomas"]
[Result "0-1"]
[WhiteElo "1990"]
[BlackElo "2020"]
[PlyCount "112"]
[EventDate "2023.??.??"]
[EventType "team-tourn"]
[EventRounds "9"]
[EventCountry "GER"]
[WhiteTeam "SSC Graal-Mueritz"]
[BlackTeam "SSC Rostock"]
[WhiteTeamCountry "GER"]
[BlackTeamCountry "GER"]

1. Nf3 d5 2. e3 Nf6 3. c4 e6 4. Nc3 Be7 5. d4 a6 6. a3 dxc4 7. Bxc4 b5 8. Bd3 c5 9. dxc5 Bxc5 10. Qe2 Nbd7 11. O-O O-O 12. b4 Be7 13. Bb2 Bb7 14. Rfd1 Qb8 15. e4 Rd8 16. Rac1 Ng4 17. Qe1 Nde5 18. Nxe5 Qxe5 19. g3 Qh5 20. h4 Ne5 21. Be2 Nf3+ 22. Kf1 Qg4 23. Bxf3 Qxf3 24. Qe3 Qxe3 25. fxe3 Bf6 26. Ke2 Rac8 27. Rxd8+ Rxd8 28. Rd1 Rxd1 29. Nxd1 Bxb2 30. Nxb2 Bxe4 31. Nd1 Kf8 32. Nf2 Bd5 33. e4 Bc4+ 34. Kd2 e5 35. Ng4 f6 36. Ne3 Be6 37. g4 Kf7 38. Ke2 g6 39. Kf3 h6 40. Kg3 Bb3 41. Kf3 Be6 42. Kg3 h5 43. gxh5 gxh5 44. Kf3 Kg6 45. Nf1 Bg4+ 46. Ke3 Bd7 47. Ng3 f5 48. exf5+ Bxf5 49. Nf1 Kf6 50. Ng3 Bg6 51. Nf1 Kf5 52. Nd2 Bf7 53. Ne4 Kg4 54. Nc5 Kxh4 55. Nd7 Kg3 56. Nxe5 Be8 0-1

[Event "vl-2324 MVP"]
[Site "MVP"]
[Date "2024.02.25"]
[Round "6.3"]
[White "Schmidt, Peter"]
[Black "Dittrich, Carsten"]
[Result "1/2-1/2"]
[WhiteElo "2042"]
[BlackElo "1884"]
[PlyCount "85"]
[EventDate "2023.??.??"]
[EventType "team-tourn"]
[EventRounds "9"]
[EventCountry "GER"]
[WhiteTeam "SSC Rostock"]
[BlackTeam "SSC Graal-Mueritz"]
[WhiteTeamCountry "GER"]
[BlackTeamCountry "GER"]

1. Nf3 d6 2. d4 Nf6 3. Bf4 b6 4. Nbd2 Bb7 5. h3 Nbd7 6. e3 Ne4 7. Nxe4 Bxe4 8. Ba6 Rb8 9. a4 e6 10. O-O Be7 11. Nd2 Ba8 12. Bh2 O-O 13. c4 f5 14. Qc2 Qe8 15. a5 Qg6 16. f3 Bg5 17. Rfe1 Bh4 18. Re2 Bg3 19. axb6 axb6 20. b4 Bxh2+ 21. Kxh2 Bb7 22. Bxb7 Rxb7 23. c5 bxc5 24. bxc5 dxc5 25. dxc5 Ne5 26. Ra6 Rfb8 27. Nc4 Nf7 28. Qa2 Qf6 29. f4 h5 30. Ra7 Kh7 31. Rxb7 Rxb7 32. Rb2 Rxb2 33. Qxb2 Qxb2 34. Nxb2 Nd8 35. Nd3 Nc6 36. Kg3 Kh6 37. h4 Ne7 38. Kf3 Kg6 39. Ne5+ Kf6 40. Nd7+ Kf7 41. Ne5+ Kf6 42. g3 Ng6 43. Nxg6 1/2-1/2